Central Library OPAC University of Rajshahi

Land transfer and finance : (Record no. 5336)

MARC details
000 -LEADER
fixed length control field 00966cam a2200301 a 4500
001 - CONTROL NUMBER
control field 5336
003 - CONTROL NUMBER IDENTIFIER
rucl marc code BD-RjUL
005 - DATE AND TIME OF LATEST TRANSACTION
control field 20211208234041.0
008 - FIXED-LENGTH DATA ELEMENTS--GENERAL INFORMATION
fixed length control field 851003s1978 mau b 001 0 eng d
020 ## - INTERNATIONAL STANDARD BOOK NUMBER
International Standard Book Number 0316060356
035 ## - SYSTEM CONTROL NUMBER
System control number (BD-RjUL)5372
040 ## - CATALOGING SOURCE
Original cataloging agency DLC
Transcribing agency DLC
Modifying agency DLC
-- (BD-RjUL)
Language of cataloging eng
041 ## - LANGUAGE CODE
Language code of text/sound track or separate title eng
082 00 - DEWEY DECIMAL CLASSIFICATION NUMBER
Classification number 346.730437
Edition number 19
Author mark and year AXL
100 1# - MAIN ENTRY--PERSONAL NAME
Personal name Axelrod, Allan,
Dates associated with a name 1922-
9 (RLIN) 16773
245 10 - TITLE STATEMENT
Title Land transfer and finance :
Remainder of title cases and materials /
Statement of responsibility, etc. Allan Axelrod, Curtis J. Berger, Quintin Johnstone.
250 ## - EDITION STATEMENT
Edition statement 2nd ed.
260 ## - PUBLICATION, DISTRIBUTION, ETC. (IMPRINT)
Place of publication, distribution, etc. Boston :
Name of publisher, distributor, etc. Little, Brown,
Date of publication, distribution, etc. c1978
300 ## - PHYSICAL DESCRIPTION
Pagination xxxiv, 1278 p. ;
Size 24 cm.
504 ## - BIBLIOGRAPHY, ETC. NOTE
Bibliography, etc Includes bibliographical references and index.
650 #0 - SUBJECT ADDED ENTRY--TOPICAL TERM
Topical term or geographic name as entry element Vendors and purchasers
Geographic subdivision United States
General subdivision Cases.
9 (RLIN) 16775
700 1# - ADDED ENTRY--PERSONAL NAME
Personal name Berger, Curtis J.
Personal name Johnstone, Quintin.
942 ## - ADDED ENTRY ELEMENTS (KOHA)
Source of classification or shelving scheme Dewey Decimal Classification
Koha item type Books
Holdings
Lost status Source of classification or shelving scheme Damaged status Not for loan Collection code Permanent Location Current Location Shelving location Date acquired Source of acquisition Total Checkouts Full call number Date last seen Copy number Koha item type
  Dewey Decimal Classification     Non-fiction Central Library, University of Rajshahi Central Library, University of Rajshahi   18/01/1988 Gift   346.730437 AXL 1978 24/12/2013 C-2 Books
  Dewey Decimal Classification   Not For Loan Non-fiction Central Library, University of Rajshahi Central Library, University of Rajshahi   18/01/1988 Asia Foundation.   346.730437 AXL 1978 26/12/2013 C-1 Books